<?xml version="1.0" encoding="UTF-8"?>
<marc:record xmlns:marc="http://www.loc.gov/MARC21/slim">
   <marc:leader>00000nam a2200000 a 4500</marc:leader>
   <marc:datafield ind1="1" ind2=" " tag="100">
      <marc:subfield code="a">Höllinger, Sabine</marc:subfield>
      <marc:subfield code="4">aut</marc:subfield>
      <marc:subfield code="e">Verfasser/-in</marc:subfield>
   </marc:datafield>
   <marc:datafield ind1="0" ind2="0" tag="245">
      <marc:subfield code="a">Lesekrokodil Grünia</marc:subfield>
   </marc:datafield>
   <marc:datafield ind1="0" ind2="0" tag="245">
      <marc:subfield code="b">Medienarbeit und Leseförderung mit Unterstützung eines Kuscheltiers</marc:subfield>
   </marc:datafield>
   <marc:datafield ind1="0" ind2="0" tag="245">
      <marc:subfield code="c">Sabine Höllinger</marc:subfield>
   </marc:datafield>
   <marc:datafield ind1=" " ind2="1" tag="264">
      <marc:subfield code="a">Esternberg</marc:subfield>
      <marc:subfield code="b">Bücherei der Pfarre und Gemeinde Esternberg</marc:subfield>
      <marc:subfield code="c">2025</marc:subfield>
   </marc:datafield>
   <marc:datafield ind1="1" ind2=" " tag="490">
      <marc:subfield code="a">EA-Kurs 162</marc:subfield>
   </marc:datafield>
   <marc:datafield ind1="1" ind2=" " tag="520">
      <marc:subfield code="a">Diese Projektarbeit befasst sich mit dem Thema Kinder- und Jugendarbeit sowie Erstellung von Medienberichten mit Fokus auf Wiedererkennung unter Nutzung eines Kuscheltiers in der Pfarrbücherei Esternberg. Nach einer kurzen Beschreibung der Findung eines Maskottchens erfolgt die genaue Darstellung der Nutzung des Stoffkrokodils im Bibliotheksalltag: Leseförderung, Pressearbeit, Medienauftritt im Internet. Abschließend findet sich eine Zusammenfassung weiterer Nutzungsmöglichkeiten des Maskottchens und ein Resümee über die erfolgten Projektabschnitte.</marc:subfield>
   </marc:datafield>
   <marc:datafield ind1=" " ind2=" " tag="041">
      <marc:subfield code="a">ger</marc:subfield>
   </marc:datafield>
   <marc:datafield ind1=" " ind2=" " tag="300">
      <marc:subfield code="a">9 Seiten, Illustrationen</marc:subfield>
   </marc:datafield>
</marc:record>
